Law of commons and of town and village greens (Record no. 103140)
[ view plain ]
| 000 -LEADER | |
|---|---|
| fixed length control field | 01708cam a2200469 4500 |
| 008 - FIXED-LENGTH DATA ELEMENTS--GENERAL INFORMATION | |
| fixed length control field | 031028n2004 000 0 eng u |
| 020 ## - INTERNATIONAL STANDARD BOOK NUMBER | |
| International Standard Book Number | 0853088217 |
| 035 ## - SYSTEM CONTROL NUMBER | |
| System control number | (Sirsi) u124090 |
| 041 ## - LANGUAGE CODE | |
| Language code of text/sound track or separate title | eng |
| 050 ## - LIBRARY OF CONGRESS CALL NUMBER | |
| Classification number | 333.32 |
| -- | 18 |
| 100 ## - MAIN ENTRY--PERSONAL NAME | |
| Personal name | Ubhi, Navjit |
| 245 ## - TITLE STATEMENT | |
| Title | Law of commons and of town and village greens |
| 260 ## - PUBLICATION, DISTRIBUTION, ETC. | |
| Place of publication, distribution, etc. | Bristol |
| Name of publisher, distributor, etc. | Jordans |
| Date of publication, distribution, etc. | 2004 |
| 300 ## - PHYSICAL DESCRIPTION | |
| Extent | xxxvi, 316p. |
| Dimensions | 25cm. |
| 350 ## - PRICE (NR) (BK AM CF MU VM SE) [OBSOLETE] | |
| Price | 65 |
| 505 ## - FORMATTED CONTENTS NOTE | |
| Formatted contents note | Historical development |
| 505 ## - FORMATTED CONTENTS NOTE | |
| Formatted contents note | Classification of common lands |
| 505 ## - FORMATTED CONTENTS NOTE | |
| Formatted contents note | Classification of rights of common |
| 505 ## - FORMATTED CONTENTS NOTE | |
| Formatted contents note | Ownership of common land |
| 505 ## - FORMATTED CONTENTS NOTE | |
| Formatted contents note | Creation and transfer of rights of common |
| 505 ## - FORMATTED CONTENTS NOTE | |
| Formatted contents note | Inclosure and extinguishment of rights of common |
| 505 ## - FORMATTED CONTENTS NOTE | |
| Formatted contents note | Registration of common land and rights of common |
| 505 ## - FORMATTED CONTENTS NOTE | |
| Formatted contents note | Town and village greens |
| 505 ## - FORMATTED CONTENTS NOTE | |
| Formatted contents note | Public access to commons |
| 505 ## - FORMATTED CONTENTS NOTE | |
| Formatted contents note | Regulation and management of common lands |
| 505 ## - FORMATTED CONTENTS NOTE | |
| Formatted contents note | Compulsory acquisition and common lands |
| 520 ## - SUMMARY, ETC. | |
| Summary, etc. | Aimed at surveyors and the legal profession, this book provides a practical explanation of the law relating to common land and town and village greens. Includes the text of key legislative material and a glossary. Tables of cases, statutes, statutory instruments and guidance. |
| 650 ## - SUBJECT ADDED ENTRY--TOPICAL TERM | |
| Topical term or geographic name entry element | COMMON LAND |
| 650 ## - SUBJECT ADDED ENTRY--TOPICAL TERM | |
| Topical term or geographic name entry element | COMMONS |
| 650 ## - SUBJECT ADDED ENTRY--TOPICAL TERM | |
| Topical term or geographic name entry element | COMMONS REGISTRATION ACT 1965 |
| 650 ## - SUBJECT ADDED ENTRY--TOPICAL TERM | |
| Topical term or geographic name entry element | COUNTRYSIDE AND RIGHTS OF WAY ACT 2000 |
| 650 ## - SUBJECT ADDED ENTRY--TOPICAL TERM | |
| Topical term or geographic name entry element | Compulsory purchase |
| 9 (RLIN) | 6228 |
| 650 ## - SUBJECT ADDED ENTRY--TOPICAL TERM | |
| Topical term or geographic name entry element | VILLAGE GREENS |
| 650 ## - SUBJECT ADDED ENTRY--TOPICAL TERM | |
| Topical term or geographic name entry element | LAND REGISTRATION |
| 650 ## - SUBJECT ADDED ENTRY--TOPICAL TERM | |
| Topical term or geographic name entry element | PUBLIC ACCESS |
| 650 ## - SUBJECT ADDED ENTRY--TOPICAL TERM | |
| Topical term or geographic name entry element | TOWN GREENS |
| 650 ## - SUBJECT ADDED ENTRY--TOPICAL TERM | |
| Topical term or geographic name entry element | RIGHTS OF COMMON |
| 690 ## - LOCAL SUBJECT ADDED ENTRY--TOPICAL TERM (OCLC, RLIN) | |
| Topical term or geographic name as entry element | PROPERTY |
| 700 ## - ADDED ENTRY--PERSONAL NAME | |
| Personal name | Denyer-Green, Barry P. D. |
| 942 ## - ADDED ENTRY ELEMENTS (KOHA) | |
| Suppress in OPAC | 0 |
| Withdrawn status | Lost status | Source of classification or shelving scheme | Damaged status | Not for loan | Home library | Current library | Shelving location | Date acquired | Cost, normal purchase price | Total Checkouts | Full call number | Barcode | Date last seen | Date last checked out | Copy number | Cost, replacement price | Price effective from | Koha item type |
|---|---|---|---|---|---|---|---|---|---|---|---|---|---|---|---|---|---|---|
| Other/Generic Classification Scheme | London | London | Basement | 31/03/2004 | 65.00 | 10 | SHELF 113 | 30069112 | 06/08/2019 | 18/07/2007 | 1 | 65.00 | 06/08/2019 | Book |